Muʼtamar al-āthār fī al-bilād al-ʻArabiyah : Dimashq 1947.
Corporate Authors: ,
Format: Conference Proceeding Book
Language: Arabic
Published:
al-Qāhirah :
Jāmiʻat al-Duwal al-ʻArabiyah, al-Idārah al-Thaqāfiyah,
1947
Subjects:
Tags: Add Tag
Call Number: DS36.75 .M87 1947 DS56 .M86 1947
| LEADER | 01546cam a2200337 a 4500 | ||
|---|---|---|---|
| 001 | EGAG01-B1850 | ||
| 003 | CStRLIN | ||
| 005 | 20230312115315.0 | ||
| 008 | 010329s1948 ua cf b 000 0 ara | ||
| 952 | |0 0 |1 0 |2 lcc |4 0 |6 DS003675 M87 01947 |7 1 |9 45768 |a ARCE |b ARCE |d 2023-03-12 |l 0 |o DS36.75 .M87 1947 |p 1023518 |r 2023-03-12 00:00:00 |w 2023-03-12 |y BK | ||
| 999 | |c 51625 |d 51625 | ||
| 010 | |a 59036723 | ||
| 035 | |a (UaCaAUL)egag01-bocm00001850 | ||
| 035 | |a (UaCaAUL).b12642010 | ||
| 040 | |c ARCE Library | ||
| 050 | 4 | |a DS36.75 .M87 1947 | |
| 090 | |a DS56 |b .M86 1947 | ||
| 111 | 2 | |6 880-01 |a Muʼtamar al-Āthār fī al-Bilād al-ʻArabīyah |d (1947 : |c Damascus) | |
| 245 | 1 | 0 | |6 880-02 |a Muʼtamar al-āthār fī al-bilād al-ʻArabiyah : |b Dimashq 1947. |
| 260 | |6 880-03 |a al-Qāhirah : |b Jāmiʻat al-Duwal al-ʻArabiyah, al-Idārah al-Thaqāfiyah, |c 1947 |e (al-Qāhirah : |f Maṭbaʻat Jāmiʻat Fuʼād al-Awwal) | ||
| 300 | |a 38 p. ; |c 25 cm. | ||
| 504 | |a Includes bibliographical references. | ||
| 650 | 0 | |a Islamic art. | |
| 651 | 0 | |a Arab countries |x Antiquities |v Congresses. | |
| 651 | 0 | |a Middle East |x Antiquities |v Congresses. | |
| 710 | 2 | |6 880-04 |a League of Arab States. |b al-Idārah al-Thaqāfīyah. | |
| 880 | 2 | |6 111-01/(3/r |a مؤتمر الآثار في البلاد العربية |d (1947 : |c دمشق). | |
| 880 | 1 | 0 | |6 245-02/(3/r |a مؤتمر الآثار في البلاد العربية : |b دمشق, 1947. |
| 880 | 2 | |6 710-04/(3/r |a جامعة الدول العربية. |b الإدارة الثقافية. | |
| 901 | |a reviewed | ||
| 942 | |2 lcc |c BK | ||
